| 000 | 01364cab a2200205 4500 | ||
|---|---|---|---|
| 001 | ##L133968 | ||
| 008 | 060626n2006 000 0 eng u | ||
| 035 | _a(Sirsi) u133968 | ||
| 041 | 0 | _aeng | |
| 245 | 0 | 0 | _aSandhu Menswear Company Ltd v Woolworths plc |
| 260 | _c2006 | ||
| 520 | _a[2006] EWHC 1299 (TCC), 5 June 2006. Concerns an action for damages brought by S regarding an arson attack outside a warehousing unit shared by S and W. Arsonists set fire to combustible waste left outside by W in breach of its lease; the fire damaged the contents of S's unit. S claimed a breach of duty on the part of W. "Held": W were liable in damages to S. The estate had a history of vandalism, so the likelihood of an arson attack was foreseeable, and W failed to comply with its own fire safety policy. W knew of the risk of leaving inflammable waste outside overnight and owed S a duty of care as established in "Smith v Littlewoods" (HL, Abs37446). | ||
| 590 | _aIKA040706 NTK | ||
| 650 | 2 | 4 | _aSANDHU MENSWEAR COMPANY LTD V WOOLWORTHS PLC |
| 650 | 2 | 4 | _aSMITH V LITTLEWOODS ORGANISATION LTD |
| 651 | 4 |
_aEngland and Wales _y1543- |
|
| 690 | _aPROPERTY-INDUSTRIAL PROPERTY-DISTRIBUTION CENTRE PROPERTY-DISTRIBUTION CENTRES | ||
| 856 | 4 | 0 |
_uhttps://www.bailii.org/ew/cases/EWHC/TCC/2006/1299.html _zView the judgment free of charge at www.bailii.org... |
| 942 | _n0 | ||
| 999 |
_c77294 _d77294 |
||